Guess KPOP Idol by BABY Picture #2 - Statistics

General Stats
  • This quiz has been taken 97 times
  • The average score is 6 of 16
Answer Stats
Picture Answer % Correct
lisa
71%
taehyung
71%
jake
64%
soobin
64%
mark
53%
ryujin
44%
mingyu
39%
nayeon
39%
wonhee
39%
baekhyun
24%
winter
23%
chaewon
21%
yeosang
13%
jackson
9%
rami
9%
sinb
9%
No matching quizzes found
Score Distribution
Percent of People with Each Score
Percentile by Number Answered
Your Score History
You have not taken this quiz